000 00676nam a2200193Ia 4500
003 GCL
008 140319s9999 xx 000 0 ara d
040 _aGCL /
_cGCL
082 0 4 _a811.09
_bس ا
100 1 _aسامية عبدالسلام
245 1 0 _aالى رجل ليس يأتى /
_cسامية عبدالسلام
250 _aالاولى
260 _aالقاهرة :
_bالملكة للطباعة والنشر ،
_c1997
300 _a104 ص ؛
_c17 سم
650 0 4 _aالشعر العربى
650 0 4 _aالشعر العربى - دواوين وقصائد
650 0 4 _aالشعر العربى - تاريخ ونقد - العصرالحديث
942 _2ddc
_cBK
999 _c2666
_d2666